Dookie songs by Track Length (Green Day) (30th Anniversary Edition) - Statistics

General Stats
  • This quiz has been taken 6 times
  • The average score is 38 of 65
Answer Stats
Hint Answer % Correct
Coming Clean 1:35
83%
Burnout (Live at Woodstock 1994) 2:30
83%
F.O.D. 2:53
83%
J.A.R. (Jason Andrew Relva) (Cassette demo) 3:01
83%
All By Myself 1:38
67%
Burnout (4 Track Demo) 2:07
67%
Burnout (Cassette demo) 2:07
67%
Burnout 2:08
67%
Pulling Teeth 2:31
67%
F.O.D. (Live at the Garatge Club, Barcelona 1994) 2:31
67%
Sassafras Roots (4 Track Demo) 2:33
67%
Tired of Waiting for You (Outtake) 2:33
67%
When It's Time (4 Track Demo) 2:35
67%
Chump (Live at Woodstock 1994) 2:35
67%
F.O.D. (Live at Woodstock 1994) 2:35
67%
Chump (Live at the Garatge Club, Barcelona 1994) 2:36
67%
Sassafras Roots 2:38
67%
One of My Lies (Live at the Garatge Club, Barcelona 1994) 2:39
67%
Having A Blast 2:45
67%
On the Wagon (Outtake) 2:48
67%
Basket Case (Live at the Garatge Club, Barcelona 1994) 2:48
67%
Having A Blast (Cassette demo) 2:49
67%
409 in Your Coffeemaker (Outtake) 2:50
67%
Walking the Dog (demo) (Art of Ears demo 1992) 2:50
67%
When I Come Around (Live at the Garatge Club, Barcelona 1994) 2:50
67%
J.A.R. (Jason Andrew Relva) (Outtake) 2:52
67%
Chump 2:54
67%
Basket Case 3:03
67%
One of My Lies (Live at Woodstock 1994) 3:06
67%
2000 Light Years Away (Live at the Garatge Club, Barcelona 1994) 3:06
67%
Basket Case (4 Track Demo) 3:08
67%
Going to Pasalacqua (Live at the Garatge Club, Barcelona 1994) 3:40
67%
Welcome To Paradise 3:45
67%
Christie Road (Outtake) 3:45
67%
Longview (Cassette demo) 3:54
67%
Longview 3:59
67%
Emenius Sleepus 1:44
50%
In The End 1:47
50%
In The End - (4 Track Demo) 1:54
50%
Dominated Love Slave (Live at the Garatge Club, Barcelona 1994) 1:56
50%
When I Come Around (4 Track Demo) 2:02
50%
Burnout (Live at the Garatge Club, Barcelona 1994) 2:05
50%
She 2:14
50%
Chump (4 Track Demo) 2:15
50%
She (4 Track Demo) 2:16
50%
Pulling Teeth (4 Track Demo) 2:19
50%
When I Come Around (Live at Woodstock 1994) 2:46
50%
F.O.D. (4 Track Demo) 2:56
50%
Basket Case (Cassette demo) 2:57
50%
When I Come Around 2:58
50%
Only of You (Live at the Garatge Club, Barcelona 1994) 3:11
50%
Knowledge (Live at the Garatge Club, Barcelona 1994) 3:12
50%
Basket Case (Live at Woodstock 1994) 3:17
50%
Longview (Live at the Garatge Club, Barcelona 1994) 3:22
50%
Christie Road (Live at the Garatge Club, Barcelona 1994) 3:27
50%
Haushinka (Cassette demo) 3:33
50%
Longview (Live at Woodstock 1994) 3:38
50%
Disappearing Boy (Live at the Garatge Club, Barcelona 1994) 3:47
50%
Welcome to Paradise (Live at the Garatge Club, Barcelona 1994) 4:18
50%
When I Come Around (Cassette demo) 3:00
33%
Welcome to Paradise (Live at Woodstock 1994) 5:15
33%
Shit Show (Live at Woodstock 1994) 5:53
33%
Road to Acceptance (Live at the Garatge Club, Barcelona 1994) 6:40
17%
Paper Lanterns (Live at Woodstock 1994) 8:16
17%
Paper Lanterns (Live at the Garatge Club, Barcelona 1994) 8:25
17%
No matching quizzes found
Score Distribution
Percent of People with Each Score
Percentile by Number Answered
Your Score History
You have not taken this quiz